| 000 | 00796nam a2200277#a 4500 | ||
|---|---|---|---|
| 001 | 00889 | ||
| 003 | HDC | ||
| 007 | ta | ||
| 008 | 230623s2009 xx 000 0 eng d | ||
| 020 | _a19850379 (pbk.). | ||
| 040 | _aHDC | ||
| 050 |
_aMFBD HF 5415.7 _b .M35 2009 |
||
| 240 | _aMalaysia logistics directory | ||
| 245 | 0 | _aMalaysia logistic directory 2009/2010 | |
| 264 |
_aShah Alam : _bMarshall Cavendish (M), _c2009- |
||
| 300 |
_av. : _b col. ill. ; _c 30cm. |
||
| 500 | _aDescription based on : (2009/2010) | ||
| 650 |
_aBusiness logistics _vDirectory |
||
| 650 |
_aMaterial handling _vDirectory |
||
| 650 |
_aPhysical distribution of goods _vDirectory |
||
| 650 |
_aTransportation _vDirectory |
||
| 942 | _2lcc | ||
| 942 | _cBK | ||
| 942 | _kMFBD HF 5415.7 | ||
| 942 | _m .M35 2009 | ||
| 999 |
_c22493 _d22493 |
||